000 00536nam a2200217Ia 4500
003 OSt
005 20220918193010.0
006 a|||||r|||| 00| 0
007 ta
008 220917b |||||||| |||| 00| 0 eng d
024 _a71,441
037 _cTextual
040 _aARTS
_cARTS
_beng
041 _2eng
_aeng
082 _aR3xM89:2, H0.2;2
100 _aCollingwood R G
245 0 _aEssay on metaphysics
260 _c1940
942 _hR3xM89:2, H0.2;2
_cTEXL
_2CC
999 _c197514
_d197514